|
|
|
|
| LEADER |
00000cam a2200000 a 4500 |
| 001 |
1/122007 |
| 008 |
200901s2020####gr | ||| |||| ||gre|| |
| 020 |
|
|
|a 9789606351945
|
| 040 |
|
|
|a GR-MyUa
|b gre
|c GR-MyUa
|e AACR2
|
| 041 |
1 |
|
|a gre
|h ita
|
| 082 |
7 |
|
|a 940.5
|2 (23)
|
| 100 |
1 |
|
|a Manetti. Alessandra.
|
| 245 |
1 |
0 |
|a Β' Παγκόσμιος πόλεμος :
|b από τον κεραυνοβόλο πόλεμο στον ολοκληρωτικό πόλεμο /
|c συγγραφείς : Alessandra Manett, Flavio Fiorani, Gianluca De Lucchi ; μετάφραση : Αλέξανδρος Φήκας.
|
| 260 |
|
|
|a Αθήνα :
|b Πεδίο,
|c c2020.
|
| 300 |
|
|
|a 157 σ. :
|b φωτ. ;
|c 21 εκ.
|
| 500 |
|
|
|a Τίτλος πρωτοτύπου : Seconda Guerra Mondialle.
|
| 500 |
|
|
|a Ειδική έκδοση για την εφημερίδα Το Βήμα.
|
| 504 |
|
|
|a Βιβλιογραφία : σ. 157.
|
| 650 |
|
0 |
|a World War, 1939-1945.
|
| 650 |
|
0 |
|a World War, 1914-1918
|x Historiography.
|
| 700 |
1 |
|
|a Fiorani, Flavio.
|
| 700 |
1 |
|
|a De Lucchi, Gianluca.
|
| 700 |
1 |
|
|a Φήκας, Αλέξανδρος,
|e trl
|
| 852 |
|
|
|a INST
|b RHODES
|e 20200901
|h 940.5 MAN
|p 005400041690
|q 005400041690
|t BK
|y 0
|
| 920 |
|
|
|a Βιβλιοθήκη Τράπεζα της Ελλάδος
|y Ρόδος
|z 2020-08
|
| 970 |
|
|
|a Μαρία
|b Κωτάκου
|z 01-09-2020
|